[Event "Brazil Pocos de Caldas op"]
[Site "Pocos de Caldas"]
[Date "2018.03.04"]
[Round "5"]
[White "Casarin, Luis Marcio Pinhatt"]
[Black "Marques, Joao Paulo Cassemir"]
[Result "0-1"]
[WhiteElo "1881"]
[BlackElo "2245"]
[PlyCount "50"]
[EventDate "2018.03.02"]
[EventType "swiss"]
[EventRounds "6"]
[EventCountry "BRA"]
[SourceTitle "CBM 183 Extra"]
[Source "ChessBase"]
[SourceDate "2018.04.19"]
[SourceVersion "1"]
[SourceVersionDate "2018.04.19"]
[SourceQuality "1"]

1. Nf3 g6 2. d4 Bg7 3. c4 d5 4. e3 Nf6 5. Be2 0-0 6. Nc3 dxc4 7. Bxc4 a6 8. 0-0 b5 9. Bd3 Bb7 10. Ne5 c5 11. Bc2 cxd4 12. exd4 Nc6 13. Be3 Rc8 14. Rc1 Nd5 15. Nxd5 Nxe5 16. Nxe7+ Qxe7 17. dxe5 Qxe5 18. b3 Rfd8 19. Qg4 h5 20. Qg3 Qb2 21. Bb1 Rxc1 22. Bxc1 Qxb1 23. Qc7 Rc8 24. Qf4 Qe4 25. Qg5 Bh6 0-1

[Event "BRA-ch U26"]
[Site "Goiania"]
[Date "2017.10.21"]
[Round "4"]
[White "Marques, Joao Paulo Cassemir"]
[Black "De Santana, Jose Ricardo Gonca"]
[Result "1-0"]
[WhiteElo "2245"]
[BlackElo "1902"]
[PlyCount "65"]
[EventDate "2017.10.19"]
[EventType "swiss"]
[EventRounds "7"]
[EventCountry "BRA"]
[SourceTitle "CBM 181 Extra"]
[Source "ChessBase"]
[SourceDate "2017.12.12"]
[SourceVersion "1"]
[SourceVersionDate "2017.12.12"]
[SourceQuality "1"]

1. g3 g6 2. Bg2 Bg7 3. d3 d6 4. f4 c5 5. Nf3 Nc6 6. c3 Nf6 7. 0-0 0-0 8. h3 Rb8 9. a4 a6 10. Qe1 b5 11. axb5 axb5 12. g4 Qb6 13. e4 Na5 14. Be3 Bxg4 15. hxg4 Nxg4 16. b4 Nc6 17. bxc5 dxc5 18. e5 f6 19. d4 cxd4 20. Bxd4 Nxd4 21. cxd4 fxe5 22. Nc3 exf4 23. Nd5 Bxd4+ 24. Kh1 Nf2+ 25. Rxf2 Bxf2 26. Qe5 Rf5 27. Nxe7+ Kf7 28. Nxf5 gxf5 29. Ng5+ Kg6 30. Ne6 Kf7 31. Rd1 Bh4 32. Rd7+ Be7 33. Qg7+ 1-0

[Event "BRA-ch U26"]
[Site "Goiania"]
[Date "2017.10.20"]
[Round "3"]
[White "Marques, Joao Paulo Cassemir"]
[Black "Miquelin, Nicolas Seoane"]
[Result "1/2-1/2"]
[WhiteElo "2245"]
[BlackElo "1992"]
[PlyCount "226"]
[EventDate "2017.10.19"]
[EventType "swiss"]
[EventRounds "7"]
[EventCountry "BRA"]
[SourceTitle "CBM 181 Extra"]
[Source "ChessBase"]
[SourceDate "2017.12.12"]
[SourceVersion "1"]
[SourceVersionDate "2017.12.12"]
[SourceQuality "1"]

1. e4 c5 2. Nf3 g6 3. Bc4 Bg7 4. c3 e6 5. 0-0 Ne7 6. d4 cxd4 7. Nxd4 a6 8. Bg5 b5 9. Bb3 Bb7 10. Re1 Nbc6 11. Nxc6 dxc6 12. Qxd8+ Rxd8 13. Be3 0-0 14. Nd2 Rd7 15. Nf3 Nc8 16. Rac1 Rfd8 17. a3 h6 18. Ba2 Kh7 19. Bc5 a5 20. b4 axb4 21. axb4 Nd6 22. Bb3 Nc4 23. Bxc4 bxc4 24. e5 g5 25. Bd6 Ba6 26. Nd4 Rxd6 27. exd6 Bxd4 28. cxd4 Rxd6 29. Red1 Bb5 30. g3 Kg6 31. f3 Ba4 32. Rd2 Bb3 33. Kf2 Rd5 34. Ke2 Rb5 35. Rb2 Rxb4 36. Kd2 Rb5 37. Kc3 Rd5 38. Rd2 c5 39. dxc5 Rxc5 40. Re1 Rf5 41. Re3 Ra5 42. Re1 Ra3 43. Kb4 Ra7 44. Kc3 Ra5 45. Kb4 Ra6 46. Kc3 Ra7 47. Kb4 Rc7 48. Kc3 Rc6 49. Ra1 Rc5 50. Re1 Kf5 51. Rd7 Kg6 52. Rd2 Ra5 53. Kb4 Rf5 54. Re3 Kf6 55. Rd4 Re5 56. Rxe5 Kxe5 57. Kc3 h5 58. Rd8 Kf6 59. Kd4 Bd1 60. Ke3 Bc2 61. Rc8 Bd3 62. Rc5 Kg6 63. f4 f6 64. fxg5 fxg5 65. h4 gxh4 66. gxh4 Bf5 67. Kf3 Bg4+ 68. Kf4 Kf6 69. Rxc4 Bd1 70. Rc7 Bg4 71. Rb7 Bd1 72. Rb1 Bg4 73. Rb8 Bd1 74. Rh8 Kg7 75. Rd8 Bg4 76. Kg5 Kf7 77. Rd7+ Kg8 78. Ra7 Kf8 79. Kf6 Kg8 80. Kg6 Kf8 81. Rf7+ Ke8 82. Kf6 Kd8 83. Re7 Bf5 84. Ra7 Ke8 85. Ra8+ Kd7 86. Ra7+ Ke8 87. Rb7 Kd8 88. Rb2 Ke8 89. Rb8+ Kd7 90. Kf7 Kd6 91. Kf6 Kd7 92. Rg8 Bg4 93. Rg6 Bf5 94. Rh6 Bg4 95. Rh8 Kd6 96. Rd8+ Kc7 97. Rd4 Kc6 98. Ke5 Kc7 99. Kf4 Kc6 100. Ke5 Kc7 101. Kf4 Kc6 102. Kg3 Bf5 103. Kf3 Kc5 104. Ke3 Kc6 105. Rd8 Kc7 106. Rh8 Bg4 107. Rg8 Kd6 108. Kf4 Ke7 109. Rxg4 hxg4 110. Kxg4 Kf6 111. Kf4 Kg6 112. Ke5 Kh5 113. Kxe6 Kxh4 1/2-1/2

[Event "Sao Paulo Polytechnic"]
[Site "Sao Paulo"]
[Date "2012.12.09"]
[Round "8"]
[White "Marques, Joao Paulo Cassemir"]
[Black "Diaz Hollemaert, Nahuel Carlos"]
[Result "0-1"]
[WhiteElo "2250"]
[BlackElo "2398"]
[PlyCount "54"]
[EventDate "2012.12.03"]
[EventType "tourn"]
[EventRounds "9"]
[EventCountry "BRA"]
[EventCategory "1"]
[SourceTitle "EXT 2014"]
[Source "ChessBase"]
[SourceDate "2013.11.20"]
[SourceVersion "1"]
[SourceVersionDate "2013.11.20"]
[SourceQuality "1"]

1. e4 g6 2. d4 Bg7 3. Nc3 a6 4. f4 b5 5. e5 d6 6. Bd3 Bb7 7. Nf3 e6 8. Ne4 Ne7 9. h4 h5 10. Be3 Nd7 11. exd6 Nf5 12. dxc7 Qxc7 13. Qd2 Rd8 14. Bf2 Nb6 15. c3 Nc4 16. Qc1 Bh6 17. g3 e5 18. Nfg5 0-0 19. 0-0 exd4 20. Nf6+ Kg7 21. Bxf5 gxf5 22. Bxd4 Rxd4 23. cxd4 Qc6 24. Nxh5+ Kg6 25. Nf3 Qe4 26. g4 fxg4 27. f5+ Kxh5 0-1

[Event "Sao Paulo Polytechnic"]
[Site "Sao Paulo"]
[Date "2012.12.08"]
[Round "6"]
[White "Marques, Joao Paulo Cassemir"]
[Black "Gotz, Klaus Seiji Furucho"]
[Result "1-0"]
[WhiteElo "2250"]
[BlackElo "2068"]
[PlyCount "47"]
[EventDate "2012.12.03"]
[EventType "tourn"]
[EventRounds "9"]
[EventCountry "BRA"]
[EventCategory "1"]
[SourceTitle "EXT 2014"]
[Source "ChessBase"]
[SourceDate "2013.11.20"]
[SourceVersion "1"]
[SourceVersionDate "2013.11.20"]
[SourceQuality "1"]

1. e4 c5 2. Nf3 g6 3. Bc4 Bg7 4. c3 e6 5. 0-0 Ne7 6. d4 cxd4 7. Nxd4 0-0 8. Bg5 f6 9. Bf4 a6 10. a4 d5 11. exd5 exd5 12. Ba2 Nbc6 13. Re1 Re8 14. Na3 g5 15. Bc1 Ne5 16. f4 Bg4 17. Qc2 gxf4 18. Bxf4 N7g6 19. Bg3 h5 20. h3 Bc8 21. Rad1 h4 22. Bxe5 Nxe5 23. Qf2 Kf7 24. Ne2 1-0

[Event "Sao Paulo Polytechnic"]
[Site "Sao Paulo"]
[Date "2012.12.03"]
[Round "1"]
[White "Marques, Joao Paulo Cassemir"]
[Black "Maia, Luciano Malta"]
[Result "1/2-1/2"]
[WhiteElo "2250"]
[BlackElo "2290"]
[PlyCount "88"]
[EventDate "2012.12.03"]
[EventType "tourn"]
[EventRounds "9"]
[EventCountry "BRA"]
[EventCategory "1"]
[SourceTitle "EXT 2014"]
[Source "ChessBase"]
[SourceDate "2013.11.20"]
[SourceVersion "1"]
[SourceVersionDate "2013.11.20"]
[SourceQuality "1"]

1. e4 c5 2. Nf3 e6 3. d4 cxd4 4. Nxd4 Nf6 5. Nc3 Nc6 6. Ndb5 Bb4 7. a3 Bxc3+ 8. Nxc3 d5 9. Bd3 d4 10. Ne2 e5 11. 0-0 0-0 12. b4 a6 13. Qe1 Re8 14. a4 a5 15. b5 Nb4 16. Bd2 Nxd3 17. cxd3 Nd7 18. f4 Nc5 19. Qg3 Nb3 20. Rad1 Nxd2 21. Rxd2 f6 22. fxe5 fxe5 23. Kh1 Qd6 24. Ng1 Be6 25. Nf3 Bb3 26. Nh4 Be6 27. Rdf2 Rac8 28. h3 Rc7 29. Nf5 Bxf5 30. Rxf5 Rce7 31. Qf2 Rc7 32. Qa2+ Kh8 33. Rf7 h6 34. Rxc7 Qxc7 35. Qf7 Re7 36. Qf8+ Kh7 37. Kh2 Qd7 38. Rf5 Qe6 39. Qb8 b6 40. Rf8 Kg6 41. Rf5 Re8 42. Qc7 Re7 43. Qb8 Re8 44. Qc7 Re7 1/2-1/2

[Event "Maringa op 2nd"]
[Site "Maringa"]
[Date "2012.08.09"]
[Round "2"]
[White "Serafim, Arnor Jr"]
[Black "Marques, Joao Paulo Cassemir"]
[Result "0-1"]
[WhiteElo "1859"]
[BlackElo "2205"]
[PlyCount "54"]
[EventDate "2012.08.08"]
[EventType "swiss"]
[EventRounds "9"]
[EventCountry "BRA"]
[SourceTitle "CBM 149 Extra"]
[Source "ChessBase"]
[SourceDate "2012.08.24"]
[SourceVersion "1"]
[SourceVersionDate "2012.08.24"]
[SourceQuality "1"]

1. c4 f5 2. Nf3 Nf6 3. Nc3 g6 4. d4 Bg7 5. Bf4 d6 6. Qd2 h6 7. h3 g5 8. Bh2 Ne4 9. Qd3 Nxc3 10. bxc3 0-0 11. e3 Nc6 12. Rd1 Qe8 13. Qb1 e5 14. d5 Na5 15. Qb4 b6 16. Be2 Nb7 17. 0-0 Nc5 18. Nd2 a5 19. Qa3 e4 20. Nb3 Qa4 21. Qb2 Ba6 22. Nd2 Qd7 23. Nb3 Na4 24. Qc2 Nxc3 25. Rc1 Qa4 26. Nd4 Qxc2 27. Rxc2 Bxd4 0-1

[Event "Mogi das Cruzes op 06"]
[Site "Mogi das Cruzes"]
[Date "2012.06.24"]
[Round "6"]
[White "Terao, Juliana Sayumi"]
[Black "Marques, Joao Paulo Cassemir"]
[Result "1/2-1/2"]
[WhiteElo "2187"]
[BlackElo "2191"]
[PlyCount "84"]
[EventDate "2012.06.22"]
[EventType "swiss"]
[EventRounds "6"]
[EventCountry "BRA"]
[SourceTitle "CBM 149 Extra"]
[Source "ChessBase"]
[SourceDate "2012.08.24"]
[SourceVersion "1"]
[SourceVersionDate "2012.08.24"]
[SourceQuality "1"]

1. e4 c5 2. c3 g6 3. d4 cxd4 4. cxd4 d5 5. e5 Bg7 6. Nc3 Nh6 7. Nf3 0-0 8. Qb3 Nc6 9. Bg5 Nf5 10. Rd1 f6 11. exf6 exf6 12. Bc1 Qe7+ 13. Be2 Be6 14. 0-0 Qb4 15. Qxb4 Nxb4 16. a3 Nc6 17. Bb5 Rac8 18. Rfe1 Kf7 19. Bf4 a6 20. Bd3 Ncxd4 21. Nxd4 Nxd4 22. Bxa6 bxa6 23. Rxd4 Rc4 24. Rxc4 dxc4 25. Rd1 g5 26. Bc7 Rc8 27. Ba5 Rb8 28. Rd2 Bf8 29. h3 Rb3 30. Ne4 Bf5 31. Nd6+ Bxd6 32. Rxd6 Rxb2 33. Rxf6+ Kxf6 34. Bc3+ Ke6 35. Bxb2 Kd5 36. Kf1 Bd3+ 37. Ke1 Kc5 38. g3 Kd5 39. Kd2 Ke4 40. Bf6 Kf3 41. Bxg5 Kxf2 42. Bf4 Kf3 1/2-1/2

[Event "Mogi das Cruzes op 06"]
[Site "Mogi das Cruzes"]
[Date "2012.06.22"]
[Round "2"]
[White "Heinrichs, Vivian"]
[Black "Marques, Joao Paulo Cassemir"]
[Result "0-1"]
[WhiteElo "1985"]
[BlackElo "2191"]
[PlyCount "68"]
[EventDate "2012.06.22"]
[EventType "swiss"]
[EventRounds "6"]
[EventCountry "BRA"]
[SourceTitle "CBM 149 Extra"]
[Source "ChessBase"]
[SourceDate "2012.08.24"]
[SourceVersion "1"]
[SourceVersionDate "2012.08.24"]
[SourceQuality "1"]

1. c4 f5 2. Nc3 Nf6 3. g3 g6 4. Bg2 Bg7 5. e3 0-0 6. Nge2 e5 7. d3 Nc6 8. 0-0 d6 9. b3 Be6 10. d4 Bf7 11. Ba3 e4 12. Rc1 g5 13. Qc2 Bh5 14. Nd5 Nxd5 15. cxd5 Ne7 16. Nc3 Bf7 17. g4 fxg4 18. Bxe4 Bg6 19. Bxg6 Nxg6 20. Ne4 Rc8 21. Qe2 h5 22. Ng3 Nh4 23. Nxh5 Nf3+ 24. Kh1 Qe8 25. Ng3 Qg6 26. Rg1 Nxh2 27. Nf1 Nf3 28. Rg2 Qh5+ 29. Rh2 Nxh2 30. Nxh2 Rf3 31. Kg1 Rcf8 32. Nxf3 gxf3 33. Qf1 Qg4+ 34. Kh2 Rf6 0-1

[Event "BRA-ch U20"]
[Site "Sao Paulo"]
[Date "2012.06.07"]
[Round "1"]
[White "Araujo, Renan Aparecido"]
[Black "Marques, Joao Paulo Cassemir"]
[Result "0-1"]
[WhiteElo "1878"]
[BlackElo "2191"]
[PlyCount "42"]
[EventDate "2012.06.07"]
[EventType "swiss"]
[EventRounds "7"]
[EventCountry "BRA"]
[SourceTitle "EXT 2014"]
[Source "ChessBase"]
[SourceDate "2013.11.20"]
[SourceVersion "1"]
[SourceVersionDate "2013.11.20"]
[SourceQuality "1"]

1. d4 f5 2. c4 Nf6 3. Nc3 d6 4. Nf3 g6 5. Bf4 Bg7 6. h4 c6 7. e3 h6 8. c5 dxc5 9. dxc5 Nfd7 10. Qb3 Nxc5 11. Qc4 Nbd7 12. Nd4 e5 13. Ne6 Nxe6 14. Qxe6+ Kf8 15. Bg3 Qf6 16. Qc4 Nb6 17. Qc5+ Qe7 18. Qa5 f4 19. Bh2 fxe3 20. fxe3 Qxh4+ 21. Kd2 Qf2+ 0-1

[Event "BRA-ch U16"]
[Site "Sao Paulo"]
[Date "2012.05.01"]
[Round "7"]
[White "Marques, Joao Paulo Cassemir"]
[Black "Goncalves, Leonardo Yamamoto"]
[Result "1/2-1/2"]
[WhiteElo "2185"]
[BlackElo "1857"]
[PlyCount "61"]
[EventDate "2012.04.28"]
[EventType "swiss"]
[EventRounds "7"]
[EventCountry "BRA"]
[SourceTitle "CBM 148 Extra"]
[Source "ChessBase"]
[SourceDate "2012.06.22"]
[SourceVersion "1"]
[SourceVersionDate "2012.06.22"]
[SourceQuality "1"]

1. e4 c5 2. Nf3 g6 3. d4 cxd4 4. Nxd4 Nc6 5. Nc3 Bg7 6. Nb3 Bxc3+ 7. bxc3 Nf6 8. Bd3 d5 9. exd5 Qxd5 10. 0-0 0-0 11. c4 Qd6 12. c5 Qc7 13. Qf3 Ne5 14. Qg3 Nh5 15. Qh4 Nxd3 16. cxd3 Ng7 17. Re1 Nf5 18. Qe4 Be6 19. g4 Ng7 20. h3 Rad8 21. Bb2 Rd7 22. Be5 Qc6 23. Bxg7 Qxe4 24. Rxe4 Kxg7 25. c6 bxc6 26. Nc5 Rd6 27. Rb1 Bxa2 28. Ra1 Be6 29. Rxa7 Re8 30. Nxe6+ fxe6 31. h4 1/2-1/2

[Event "BRA-ch U16"]
[Site "Sao Paulo"]
[Date "2012.04.28"]
[Round "2"]
[White "De Sousa, Matheus Mazim"]
[Black "Marques, Joao Paulo Cassemir"]
[Result "0-1"]
[WhiteElo "1818"]
[BlackElo "2185"]
[PlyCount "70"]
[EventDate "2012.04.28"]
[EventType "swiss"]
[EventRounds "7"]
[EventCountry "BRA"]
[SourceTitle "CBM 148 Extra"]
[Source "ChessBase"]
[SourceDate "2012.06.22"]
[SourceVersion "1"]
[SourceVersionDate "2012.06.22"]
[SourceQuality "1"]

1. d4 f5 2. c4 Nf6 3. Nc3 g6 4. g3 Bg7 5. Bg2 d6 6. Nf3 0-0 7. 0-0 Nc6 8. d5 Na5 9. Nd2 c5 10. Rb1 a6 11. b3 Rb8 12. Bb2 b5 13. e4 bxc4 14. Nxc4 Nxc4 15. bxc4 fxe4 16. Ba1 Rxb1 17. Qxb1 Bf5 18. Nxe4 Nxe4 19. Bxe4 Bxa1 20. Bxf5 Bd4 21. Be6+ Kg7 22. Kg2 Qa5 23. Qc2 Rb8 24. Qe2 Qc3 25. Bd7 Bf6 26. h4 Rb4 27. Qe6 Qxc4 28. Re1 Qd4 29. Be8 Rb2 30. Qf7+ Kh6 31. Qf8+ Kh5 32. Kh3 Rxf2 33. Bd7 Rf3 34. Rxe7 Qxh4+ 35. Kg2 Qxg3+ 0-1

[Event "Osasco op"]
[Site "Osasco"]
[Date "2012.04.22"]
[Round "5"]
[White "Marques, Joao Paulo Cassemir"]
[Black "Herbst Neto, Eugenio"]
[Result "1-0"]
[WhiteElo "2185"]
[BlackElo "1895"]
[PlyCount "91"]
[EventDate "2012.04.20"]
[EventType "swiss"]
[EventRounds "6"]
[EventCountry "BRA"]
[SourceTitle "CBM 148 Extra"]
[Source "ChessBase"]
[SourceDate "2012.06.22"]
[SourceVersion "1"]
[SourceVersionDate "2012.06.22"]
[SourceQuality "1"]

1. e4 c5 2. Nf3 a6 3. c3 e6 4. d4 cxd4 5. cxd4 d5 6. e5 Nc6 7. Bd3 Bd7 8. 0-0 Rc8 9. Nc3 Nge7 10. Bg5 Nb4 11. Bb1 h6 12. Be3 b5 13. Ne1 g6 14. Qd2 Nf5 15. Bxf5 gxf5 16. a3 Nc6 17. b4 Nxb4 18. axb4 Bxb4 19. Rc1 Qa5 20. Bxh6 Rg8 21. Nd3 Bxc3 22. Qe3 Rc4 23. Qh3 Rh8 24. Qg3 Qa3 25. Nc5 Bb4 26. Qg7 Rxh6 27. Qxh6 Bxc5 28. dxc5 Qxc5 29. Rxc4 bxc4 30. h4 d4 31. Qf4 d3 32. h5 c3 33. h6 Qf8 34. Qg5 d2 35. h7 Bb5 36. Ra1 f4 37. Qxf4 Qg7 38. Qd4 Bc6 39. h8R+ Qxh8 40. Qxc3 Bd7 41. Rb1 d1R+ 42. Rxd1 Qh4 43. Qd4 Qd8 44. Rd3 Qc7 45. Rh3 a5 46. Rh8+ 1-0

[Event "Osasco op"]
[Site "Osasco"]
[Date "2012.04.20"]
[Round "2"]
[White "Ferreira, Paulo"]
[Black "Marques, Joao Paulo Cassemir"]
[Result "0-1"]
[WhiteElo "2083"]
[BlackElo "2185"]
[PlyCount "74"]
[EventDate "2012.04.20"]
[EventType "swiss"]
[EventRounds "6"]
[EventCountry "BRA"]
[SourceTitle "CBM 148 Extra"]
[Source "ChessBase"]
[SourceDate "2012.06.22"]
[SourceVersion "1"]
[SourceVersionDate "2012.06.22"]
[SourceQuality "1"]

1. e4 c5 2. Nf3 g6 3. d4 cxd4 4. Qxd4 Nf6 5. e5 Nc6 6. Qc3 Nd5 7. Qb3 Nc7 8. Bc4 Ne6 9. Bxe6 dxe6 10. 0-0 Bg7 11. Bf4 0-0 12. Qe3 Nb4 13. Qe4 Nd5 14. Bg3 Qb6 15. b3 Bd7 16. Na3 Bc6 17. Qg4 Qb4 18. Qxb4 Nxb4 19. Nd4 Rfd8 20. c3 Nd5 21. Nxc6 bxc6 22. Rac1 h5 23. f4 Ne3 24. Rfe1 Nf5 25. Red1 Bh6 26. Rf1 Rd2 27. Rc2 Rd3 28. Nc4 Nxg3 29. hxg3 Rxg3 30. Rd2 Rxc3 31. Rd7 a5 32. Rxe7 a4 33. Rb7 axb3 34. axb3 Rc2 35. Rd1 Bxf4 36. Rf1 g5 37. g3 Raa2 0-1

[Event "Altinopolis op 1st"]
[Site "Altinopolis"]
[Date "2012.04.03"]
[Round "5"]
[White "Marques, Joao Paulo Cassemir"]
[Black "Batista, Renato Luiz"]
[Result "1/2-1/2"]
[WhiteElo "2185"]
[BlackElo "2193"]
[PlyCount "107"]
[EventDate "2012.02.03"]
[EventType "swiss"]
[EventRounds "6"]
[EventCountry "BRA"]
[SourceTitle "CBM 147 Extra"]
[Source "ChessBase"]
[SourceDate "2012.04.24"]
[SourceVersion "1"]
[SourceVersionDate "2012.04.24"]
[SourceQuality "1"]

1. e4 c5 2. Nf3 d6 3. d4 cxd4 4. Nxd4 Nf6 5. Nc3 g6 6. Be3 Bg7 7. f3 0-0 8. Qd2 Nc6 9. 0-0-0 Nxd4 10. Bxd4 Be6 11. g4 Qa5 12. a3 Rfc8 13. h4 Rab8 14. h5 b5 15. hxg6 hxg6 16. Qg5 Qc7 17. e5 dxe5 18. Bxe5 Qc5 19. Bxf6 exf6 20. Qxc5 Rxc5 21. Ne4 Re5 22. b4 Bxg4 23. Nxf6+ Bxf6 24. fxg4 Re4 25. Rd5 Rxg4 26. Bxb5 Rg3 27. Bd3 Rb7 28. b5 Rg4 29. c4 Rd4 30. Rxd4 Bxd4 31. Be4 Re7 32. Bd5 Kg7 33. Kc2 Re3 34. a4 Ra3 35. Re1 Bc5 36. Re8 f5 37. Rc8 Bd4 38. Kd2 Rxa4 39. c5 Be5 40. Bb7 Rd4+ 41. Ke3 Rd7 42. Bc6 Rc7 43. Rxc7+ Bxc7 44. b6 axb6 45. cxb6 Bxb6+ 46. Kf3 Kf6 47. Ba4 g5 48. Bd1 Bc7 49. Bc2 g4+ 50. Kg2 Kg5 51. Bd3 Bd6 52. Bc2 f4 53. Bd1 Kf5 54. Be2 1/2-1/2

[Event "Altinopolis op 1st"]
[Site "Altinopolis"]
[Date "2012.02.03"]
[Round "1"]
[White "Marques, Joao Paulo Cassemir"]
[Black "Takata, Felipe Sandron"]
[Result "1-0"]
[WhiteElo "2185"]
[BlackElo "1534"]
[PlyCount "111"]
[EventDate "2012.02.03"]
[EventType "swiss"]
[EventRounds "6"]
[EventCountry "BRA"]
[SourceTitle "CBM 147 Extra"]
[Source "ChessBase"]
[SourceDate "2012.04.24"]
[SourceVersion "1"]
[SourceVersionDate "2012.04.24"]
[SourceQuality "1"]

1. e4 c5 2. Nf3 e6 3. d4 cxd4 4. Nxd4 Nf6 5. Nc3 Bb4 6. e5 Nd5 7. Qg4 g6 8. Bd2 Nxc3 9. bxc3 Be7 10. h4 Nc6 11. Nxc6 dxc6 12. h5 Qc7 13. Qe4 Bd7 14. hxg6 fxg6 15. f4 0-0-0 16. a4 a5 17. Rb1 c5 18. Bb5 Bc6 19. Bxc6 Qxc6 20. Qxc6+ bxc6 21. Ke2 Kc7 22. c4 Ra8 23. Rb3 h5 24. Rhb1 Rhb8 25. Bxa5+ Kc8 26. Bd2 Rxb3 27. cxb3 Rb8 28. Kd3 Rb7 29. Kc2 Kb8 30. Be3 Bf8 31. Rd1 Kc8 32. Bf2 Be7 33. g4 Bf8 34. gxh5 gxh5 35. Rg1 Rf7 36. Be3 Kd7 37. Rh1 Rh7 38. Kd3 Be7 39. Ke4 h4 40. Rh3 Rh5 41. Bf2 Kc7 42. Kf3 Rh7 43. Rh2 Rh8 44. Kg4 Rg8+ 45. Kh5 Rh8+ 46. Kg6 Rb8 47. Bxh4 Bxh4 48. Rxh4 Rxb3 49. Kf6 Rb4 50. Kxe6 Rxc4 51. a5 Ra4 52. Rh7+ Kb8 53. f5 c4 54. Rh4 Rxa5 55. Rxc4 Kc7 56. f6 1-0

[Event "Prague op-A 11th"]
[Site "Prague"]
[Date "2012.01.17"]
[Round "6"]
[White "Kulhanek, Tomas"]
[Black "Marques, Joao Paulo Cassemir"]
[Result "1-0"]
[WhiteElo "2365"]
[BlackElo "2174"]
[PlyCount "47"]
[EventDate "2012.01.13"]
[EventType "swiss"]
[EventRounds "9"]
[EventCountry "CZE"]
[SourceTitle "CBM 146 Extra"]
[Source "ChessBase"]
[SourceDate "2012.02.29"]
[SourceVersion "1"]
[SourceVersionDate "2012.02.29"]
[SourceQuality "1"]

1. e4 c5 2. Nc3 Nc6 3. Bb5 Nd4 4. Bc4 g6 5. Nf3 Bg7 6. Nxd4 cxd4 7. Qf3 Nh6 8. Ne2 0-0 9. c3 dxc3 10. dxc3 Ng4 11. Qxg4 d5 12. Qh4 dxc4 13. 0-0 e5 14. Bg5 Qd3 15. Ng3 f6 16. Bh6 Qc2 17. Bxg7 Kxg7 18. f4 exf4 19. Rf2 Qd3 20. Qxf4 g5 21. Qc7+ Rf7 22. Nh5+ Kg6 23. Rxf6+ Rxf6 24. Nxf6 1-0

[Event "Wch U16"]
[Site "Caldas Novas"]
[Date "2011.11.19"]
[Round "2"]
[White "Marques, Joao Paulo Cassemir"]
[Black "Javanbakht, Nima"]
[Result "0-1"]
[WhiteElo "2097"]
[BlackElo "2299"]
[PlyCount "86"]
[EventDate "2011.11.18"]
[EventType "swiss"]
[EventRounds "9"]
[EventCountry "BRA"]
[SourceTitle "EXT 2013"]
[Source "ChessBase"]
[SourceDate "2012.11.22"]
[SourceVersion "1"]
[SourceVersionDate "2012.11.22"]
[SourceQuality "1"]

1. e4 c5 2. Nf3 Nc6 3. d4 cxd4 4. Nxd4 Nf6 5. Nc3 e5 6. Ndb5 d6 7. Bg5 a6 8. Na3 b5 9. Nd5 Be7 10. Bxf6 Bxf6 11. c4 b4 12. Nc2 a5 13. Qf3 Be6 14. Nxf6+ Qxf6 15. Qxf6 gxf6 16. Bd3 Ke7 17. 0-0 Rhb8 18. Ne3 a4 19. f4 exf4 20. Rxf4 Ne5 21. Be2 Rc8 22. Nd5+ Bxd5 23. exd5 Rg8 24. Raf1 Rg6 25. Rh4 Rg7 26. Rhf4 Rg6 27. Rh4 Rg7 28. Rhf4 a3 29. b3 Rag8 30. g3 Nd7 31. Bd1 Rg5 32. Rh4 Nc5 33. Rxh7 Ne4 34. Bh5 Rf8 35. Bf3 Nc3 36. Rf2 Re5 37. Kf1 Re3 38. Bg4 Ne4 39. Rc2 f5 40. Bh3 Re8 41. Kg2 Kf6 42. Rh5 Re5 43. g4 f4 0-1

[Event "BRA-ch sf"]
[Site "Brasilia"]
[Date "2011.11.02"]
[Round "8"]
[White "Teixeira, Ricardo da Silva"]
[Black "Marques, Joao Paulo Cassemir"]
[Result "1/2-1/2"]
[WhiteElo "2266"]
[BlackElo "2097"]
[PlyCount "39"]
[EventDate "2011.10.29"]
[EventType "swiss"]
[EventRounds "8"]
[EventCountry "BRA"]
[SourceTitle "EXT 2012"]
[Source "ChessBase"]
[SourceDate "2011.11.24"]
[SourceVersion "1"]
[SourceVersionDate "2011.11.24"]
[SourceQuality "1"]

1. Nf3 f5 2. d4 Nf6 3. c3 g6 4. Nbd2 Bg7 5. Qb3 e6 6. e3 Nc6 7. Bd3 0-0 8. e4 fxe4 9. Nxe4 Nxe4 10. Bxe4 d5 11. Bd3 e5 12. Nxe5 Nxe5 13. dxe5 Bxe5 14. Be3 c6 15. 0-0-0 Bf4 16. Kb1 Bxe3 17. fxe3 Bg4 18. Rdf1 Qe7 19. e4 Be6 20. Qc2 1/2-1/2

[Event "Maringa op"]
[Site "Maringa"]
[Date "2011.07.03"]
[Round "6"]
[White "Marques, Joao Paulo Cassemir"]
[Black "Delgado, Lidio Dias"]
[Result "0-1"]
[WhiteElo "2032"]
[BlackElo "2285"]
[PlyCount "72"]
[EventDate "2011.06.30"]
[EventType "swiss"]
[EventRounds "7"]
[EventCountry "BRA"]
[SourceTitle "EXT 2014"]
[Source "ChessBase"]
[SourceDate "2013.11.20"]
[SourceVersion "1"]
[SourceVersionDate "2013.11.20"]
[SourceQuality "1"]

1. e4 e6 2. d4 d5 3. Nc3 Nf6 4. e5 Nfd7 5. f4 c5 6. Nf3 Nc6 7. Be3 Qb6 8. Na4 Qa5+ 9. c3 c4 10. b4 Qc7 11. Be2 Be7 12. 0-0 f5 13. Ng5 Bxg5 14. fxg5 0-0 15. Qe1 Ne7 16. Qg3 b5 17. Nc5 Nxc5 18. bxc5 a5 19. a3 Rb8 20. Rab1 Bd7 21. h4 Be8 22. h5 g6 23. Qh3 gxh5 24. Bxh5 Bxh5 25. Qxh5 Ng6 26. g4 f4 27. Bd2 Rf7 28. Qh2 f3 29. Qg3 Rbf8 30. Rf2 Nf4 31. Bxf4 Rxf4 32. Rxb5 h5 33. gxh6 Qf7 34. h7+ Qxh7 35. Rh2 f2+ 36. Kf1 Qe4 0-1

[Event "Maringa op"]
[Site "Maringa"]
[Date "2011.07.03"]
[Round "7"]
[White "Marques, Joao Paulo Cassemir"]
[Black "Osipi, Jair"]
[Result "1-0"]
[WhiteElo "2032"]
[BlackElo "2210"]
[PlyCount "75"]
[EventDate "2011.06.30"]
[EventType "swiss"]
[EventRounds "7"]
[EventCountry "BRA"]
[SourceTitle "EXT 2014"]
[Source "ChessBase"]
[SourceDate "2013.11.20"]
[SourceVersion "1"]
[SourceVersionDate "2013.11.20"]
[SourceQuality "1"]

1. e4 c5 2. Nf3 d6 3. d4 cxd4 4. Nxd4 Nf6 5. Nc3 a6 6. Be3 Qc7 7. Qd2 e6 8. 0-0-0 Be7 9. f3 Nc6 10. Kb1 Bd7 11. g4 h6 12. h4 Ne5 13. Be2 b5 14. g5 Ng8 15. f4 b4 16. fxe5 bxc3 17. exd6 Bxd6 18. Qxc3 Qxc3 19. bxc3 Be5 20. Nb3 Bxc3 21. Bxa6 Rxa6 22. Rxd7 Kxd7 23. Nc5+ Kc6 24. Nxa6 hxg5 25. Bxg5 Nf6 26. Bxf6 Bxf6 27. Nb4+ Kb5 28. Nd3 Rxh4 29. Re1 Bc3 30. Rf1 Rxe4 31. Rxf7 Rg4 32. a3 Bf6 33. Ka2 e5 34. Kb3 e4 35. a4+ Ka5 36. Nc5 e3 37. Rb7 Rxa4 38. c4 1-0